| 000 | 00548nam a2200193 a 4500 | ||
|---|---|---|---|
| 001 | 7228 | ||
| 003 | CO-ViMGA | ||
| 008 | 141112s2004 ck r 000 u spa d | ||
| 040 |
_aCO-ViMGA _bspa _cCO-ViMGA |
||
| 082 | 0 | 4 | _a616.7407 V351 |
| 100 | 1 |
_aVelasco Fernández, Rafael _96377 |
|
| 245 | 1 | 0 |
_aEl niño hiperquinetico : _blos síndromes de disfunción cerebral |
| 250 | _a3a | ||
| 260 |
_aMexico : _bTrillas, _c1997 |
||
| 300 | _a(31 p) : il | ||
| 650 | 1 | 4 |
_aENFERMEDADES PSIQUIATRICAS _96378 |
| 650 | 1 | 4 |
_aHIPERQUINETICO _96379 |
| 942 |
_2ddc _cBK |
||
| 999 |
_c19187 _d19187 |
||